<?xml version="1.0" encoding="UTF-8"?>
<collection xmlns="http://www.loc.gov/MARC21/slim">
  <record>
    <leader>00000nam  2200000   4500</leader>
    <controlfield tag="001">INLIS000000000005638</controlfield>
    <controlfield tag="005">20190814085100</controlfield>
    <datafield tag="035" ind1="#" ind2="#">
      <subfield code="a">0010-0819000068</subfield>
    </datafield>
    <datafield tag="245" ind1="1" ind2="#">
      <subfield code="a">Pembentukan Forkorpimcam untuk Meningkatkan Peran dan Fungsi Kominda di Kabupaten Lamandau /</subfield>
      <subfield code="c">Drs. Heru Priyono, M.Si.</subfield>
    </datafield>
    <datafield tag="100" ind1="1" ind2="#">
      <subfield code="a">PRIYONO, Heru</subfield>
    </datafield>
    <datafield tag="250" ind1="#" ind2="#">
      <subfield code="a">1</subfield>
    </datafield>
    <datafield tag="300" ind1="#" ind2="#">
      <subfield code="a">viii, 25 halaman ; lampiran :</subfield>
      <subfield code="b">ilustrasi ;</subfield>
      <subfield code="c">30 cm</subfield>
    </datafield>
    <datafield tag="260" ind1="#" ind2="#">
      <subfield code="a">Samarinda :</subfield>
      <subfield code="b">PKP2A III LAN,</subfield>
      <subfield code="c">2019</subfield>
    </datafield>
    <datafield tag="084" ind1="#" ind2="#">
      <subfield code="a">PII 081 2016</subfield>
    </datafield>
    <datafield tag="650" ind1="#" ind2="#">
      <subfield code="a">Proyek Perubahan</subfield>
    </datafield>
    <datafield tag="500" ind1="#" ind2="#">
      <subfield code="a">Coach : Dr. Sugeng Hariyadi, MBA&#13;
Penguji : Dr. Nana Rukmana DW, MA&#13;
Mentor : Drs. Arifin LP Umbing, M.A.P</subfield>
    </datafield>
  </record>
</collection>
